000 00526nam a22001697a 4500
005 20251108164009.0
008 250721s2009 xx 000 0 ara d
082 1 4 _a616.0252/صال
100 1 _aصالح، أسماء محمد
_eمؤلف
245 1 0 _aالإسعافات الأولية /
264 1 _aعمان :
_bدار الجنادرية للنشر و التوزيع،
_c2009.
300 _a229 ص.
650 1 7 _aالاسعاف الاولي
650 1 7 _aالخدمات الصحيه
942 _2ddc
_cBK
999 _c1042
_d1042